00531nam a22001577a 4500010001500000020003100015035001400046037001300060082001000073100002000083245005900103260004000162270012800202300002100330500002200351 aENG-126197 a978-93-86761-12-5c1495.00 aEN-109729 bDBAD/PUB a320.3 aThakur, Sadhana aComparative Government And Politics/cby Sadhna Thakur aNew DelhibAne Books Pvt.Ltd.c2017 a4821,Parwana Bhawan 1st Floor 24 Ansari Road, Darya GanjbNew Delhi e110002k+91(011)23276843,2814209manebookschennai.com av279p.b23cm(hb) aits include index